| 000 | 00671nam a22002057a 4500 | ||
|---|---|---|---|
| 003 | OSt | ||
| 005 | 20240624004143.0 | ||
| 008 | 240621b |||||||| |||| 00| 0 eng d | ||
| 020 | _a9789814773782 | ||
| 040 |
_aDWC- Main Lib _cOC |
||
| 082 | _aCirc. 150.72 G775r 2017 | ||
| 100 | _aGravetter, Frederick J. | ||
| 245 |
_aResearch methods for behavioral science / _c Frederick J. Gravetter. |
||
| 250 | _a5th edition | ||
| 260 |
_aSingapore : _bCengage learning, _cc2017. |
||
| 300 |
_axxiii, 628 pages : _billustrations; _c23cm. |
||
| 504 | _aIncludes index and bibliographic references. | ||
| 650 | _a1. Psychology– Research– Methodology | ||
| 942 |
_2ddc _cBK-CIRC _n1 |
||
| 999 |
_c1078 _d1078 |
||